Düş bahçeleri: (Record no. 15122)

MARC details
000 -BAŞLIK
Sabit Uzunlukta Kontrol Alanı 00832nam a22002417a 4500
999 ## - SİSTEM KONTROL NUMARALARI (KOHA)
Koha Biblionumber 15122
Koha Biblioitemnumber 15122
003 - KONTROL NUMARASI IDENTIFIER
Denetim Alanı MIRAKIL
005 - SON İŞLEM TARİHİ VE ZAMANI
Denetim Alanı 20221226135558.0
008 - SABİT-BOY VERİ ELEMANLARI - GENEL BİLGİLER
Sabit Uzunlukta Kontrol Alanı 221226b tu ||||| |||| 00| 0 tur d
020 ## - ULUSLARARASI STANDART KİTAP NUMARASI
Uluslararası Standart Kitap Numarası 9786258049879
040 ## - KATALOGLAMA KAYNAK
Orijinal Kataloglama Ajansı TR-AnCHP
Metne Dönüştürmek Ajansı TR-AnCHP
041 ## - DİL KODU
Metin / Ses Parça Veya Ayrı Başlığın Dil Kodu Tur
082 ## - DEWEY ONLU SINIFLANDIRMA NUMARASI
Sınıflandırma Numarası 791.43
Ürün Numarası E86i 2022
100 ## - ANA GİRİŞ - KİŞİSEL İSİM
Kişisel Ad Evren, Burçak
245 ## - BAŞLIK TABLOSU
Başlık Düş bahçeleri:
Başlığın Kalan İstanbul'un yazlık sinemaları tarihi/
Sorumluluk Tablosu, Vb yayın yönetmeni: Ahmet Bozkurt; Burçak Evren.
246 ## - UNVAN FORM VARYING
Başlık Doğru / Kısa Başlığı İstanbul'un yazlık sinemaları tarihi
260 ## - YAYIN, DAĞITIM, VB
Yayın, Dağıtım, Vb Yeri İstanbul:
Yayıncı, Dağıtıcı, Vs Adı İstanbul Büyükşehir Belediyesi,
Yayın, Dağıtım, Vb Tarihi 2022.
300 ## - FİZİKSEL TANIM
Kapsam 478 s.:
Diğer Fiziksel Ayrıntıları fotg.;
Boyutlar 27 sm.
504 ## - KAYNAKÇA VB NOT
Kaynakça Vb Notu Kaynakça ve dizin vardır.
650 #0 - KONU KATMA GİRİŞ - TOPİKAL DÖNEM
9 (RLIN) 5374
Topikal Süreli Veya Coğrafi Ad Giriş Elemanı Türk sineması
Genel Alt Bölümü Tarih
Coğrafi Alt Bölümü İstanbul
700 ## - KATMA GİRİŞ - KİŞİSEL İSİM
9 (RLIN) 6583
Kişisel Ad Bozkurt, Ahmet
Relator Terim yay. yön.
740 ## - KATMA GİRİŞ - KONTROLSUZ İLGİLİ / ANALİTİK BAŞLIK
Kontrol Edilmeyen / İlgili Analitik Başlıktaki İstanbul'un yazlık sinemaları tarihi
942 ## - EKLENDİ GİRİŞ ELEMANLARI (KOHA)
Sınıflandırma Veya Raf Düzeni Kaynak Dewey Decimal Classification
Koha Öğesi Türü Books
Holdings
Kalıcı Konum Mevcut Konum Edinme Tarihi Toplam Check-Out'Lar Tam Çağrı Numarası Barkod Tarih Son Görülme İtibaren Geçerli Fiyatlar Koha Öğesi Türü
CHP Kütüphanesi CHP Kütüphanesi 12/26/2022   791.43 E86i 2022 020689 12/26/2022 12/26/2022 Books